000 00737cam a2200217 i 4500
001 19706195
005 20180411090735.0
008 170613s2018 enk b 001 0 eng
020 _a9780415738668 (hbk)
040 _cPK-LaUMT
082 0 0 _a954.04
_bIOB-R
100 1 _aIob, Elisabetta
245 1 0 _aRefugees and the politics of the everyday state in Pakistan :
_bresettlement in Punjab, 1947-1962 /
_cElisabetta Iob
260 _aLondon :
_bRoutledge,
_c2018
300 _axvii, 174 p. ;
_c25 cm
490 0 _aRoyal Asiatic Society books
650 0 _aEast Indians
_xRelocation
_zPakistan
_zPunjab.
650 0 _aRefugees
_zPakistan
_zPunjab
_xHistory
_y20th century.
650 0 _aForced migration
_zPakistan
_zPunjab.
942 _cBK
999 _c104274
_d104274